| Tag |
First Indicator |
Second Indicator |
Subfields |
| LEADER |
00000cam a2200000 a 4500 |
| 001 |
in00000017606 |
| 005 |
20151007053445.0 |
| 008 |
870902s1986 wiua b 00010 eng d |
| 020 |
|
|
|a 0873890124
|
| 035 |
|
|
|a (OCoLC)16634451
|
| 035 |
|
|
|9 AAB1719AM
|
| 040 |
|
|
|a MOU
|c MOU
|d TXA
|d UtOrBLW
|
| 049 |
|
|
|a TXAM
|c [A09657592]
|
| 050 |
|
4 |
|a QA276.6
|b .S73 1986
|
| 100 |
1 |
|
|a Stephens, Kenneth S.
|
| 245 |
1 |
0 |
|a How to perform continuous sampling (CSP) /
|c by Kenneth S. Stephens.
|
| 264 |
|
1 |
|a Milwaukee :
|b American Society for Quality Control,
|c [1986]
|
| 264 |
|
4 |
|c ©1986
|
| 300 |
|
|
|a vi, 60 pages :
|b illustrations ;
|c 28 cm.
|
| 336 |
|
|
|a text
|b txt
|2 rdacontent
|
| 337 |
|
|
|a unmediated
|b n
|2 rdamedia
|
| 338 |
|
|
|a volume
|b nc
|2 rdacarrier
|
| 490 |
1 |
|
|a The ASQC basic references in quality control. Statistical techniques ;
|v v. 2
|
| 504 |
|
|
|a Bibliography: pages 38-42.
|
| 650 |
|
0 |
|a Sampling (Statistics)
|
| 650 |
|
0 |
|a Quality control.
|
| 710 |
2 |
|
|a American Society for Quality Control.
|
| 830 |
|
0 |
|a ASQC basic references in quality control.
|p Statistical techniques ;
|v v. 2.
|
| 999 |
|
|
|a MARS
|
| 999 |
f |
f |
|s 8fa3d37e-d7a8-3f91-ba92-ac8229f5a195
|i 87e5052a-effa-3c5d-8faf-8795c14d5976
|t 0
|
| 952 |
f |
f |
|p ric
|a Texas A&M University
|b Rellis Campus
|c Joint Library Facility
|d Remote Storage
|t 0
|e QA276.6 .S73 1986
|h Library of Congress classification
|i unmediated -- volume
|m A14809657592
|
| 998 |
f |
f |
|a QA276.6 .S73 1986
|t 0
|l Remote Storage
|